Central Library OPAC University of Rajshahi

মেঘনাদ বধ কাব্য / (Record no. 38473)

MARC details
000 -LEADER
fixed length control field 00917nam a22002177a 4500
001 - CONTROL NUMBER
control field 38473
003 - CONTROL NUMBER IDENTIFIER
rucl marc code BD-RjUL
005 - DATE AND TIME OF LATEST TRANSACTION
control field 20211209052814.0
008 - FIXED-LENGTH DATA ELEMENTS--GENERAL INFORMATION
fixed length control field 151213s1917 ii ||||| |||| 00| 0 ben d
035 ## - SYSTEM CONTROL NUMBER
System control number (BD-RjUL)38578
040 ## - CATALOGING SOURCE
Original cataloging agency BD-RjUL
Language of cataloging ben
Transcribing agency BD-RjUL
041 ## - LANGUAGE CODE
Language code of text/sound track or separate title ben
082 ## - DEWEY DECIMAL CLASSIFICATION NUMBER
Classification number 891.4414
Author mark and year DUM 1917
100 ## - MAIN ENTRY--PERSONAL NAME
Personal name দত্ত, মাইকেল মধুসূদন
9 (RLIN) 118796
245 ## - TITLE STATEMENT
Title মেঘনাদ বধ কাব্য /
Statement of responsibility, etc. মাইকেল মধুসূদন দত্ত.
260 ## - PUBLICATION, DISTRIBUTION, ETC. (IMPRINT)
Place of publication, distribution, etc. কলিকাতা :
Name of publisher, distributor, etc. সান্যাল এন্ড কোং,
Date of publication, distribution, etc. ১৯১৭.
300 ## - PHYSICAL DESCRIPTION
Pagination ৫৮৪ পৃ.;
Size ২২ সেমি.
600 ## - SUBJECT ADDED ENTRY--PERSONAL NAME
Personal name দত্ত, মাইকেল মধুসূদন,
Dates associated with a name ১৮২৪-১৮৭৩,
Title of a work মেঘনাদ বধ কাব্য
Personal name Dutt, Michael Madhusudan,
Dates associated with a name 1824-1873,
Title of a work Meghnadbadh kavya
942 ## - ADDED ENTRY ELEMENTS (KOHA)
Source of classification or shelving scheme Dewey Decimal Classification
Koha item type Books
Holdings
Lost status Source of classification or shelving scheme Damaged status Not for loan Collection code Permanent Location Current Location Shelving location Date acquired Source of acquisition Total Checkouts Full call number Date last seen Date checked out Copy number Koha item type
  Dewey Decimal Classification     Non-fiction Central Library, University of Rajshahi Central Library, University of Rajshahi   11/08/1965 মানদা নিবাস লাইব্রেরী 6 B 891.4414 DUM 1917 10/05/2023 10/05/2023 C-2 Books